000 01255cam a22003254a 4500
999 _c330510
_d330510
001 16889912
003 NUST
005 20170718151234.0
008 110726s2012 flua b 001 0 eng
010 _a 2011027261
016 7 _a015865023
_2Uk
020 _a9781439840184 (alk. paper)
020 _a1439840180 (alk. paper)
035 _a(OCoLC)ocn654317936
040 _aDLC
_cDLC
_dYDX
_dBTCTA
_dUKMGB
_dYDXCP
_dDLC
042 _apcc
050 0 0 _aTJ808
_b.R458 2012
082 0 0 _a621.042 FOR
_223
245 0 0 _aRenewable resources and renewable energy :
_ba global challenge /
_cEdited by Paolo Fornasiero and Mauro Graziani.
250 _a2nd ed.
260 _aBoca Raton :
_bCRC Press,
_cc2012.
300 _axiv, 490 p. :
_bill. ;
_c27 cm.
500 _aH.B
504 _aIncludes bibliographical references and index.
650 0 _aRenewable energy sources.
_92373
650 0 _aRenewable natural resources.
_93391
650 0 _aBiomass energy.
_92612
700 1 _aFornasiero, Paolo,
_d1968-
_93392
700 1 _aGraziani, Mauro.
_93393
906 _a7
_bcbc
_corignew
_d1
_eecip
_f20
_gy-gencatlg
942 _2ddc
_cBK
_kIESE